LIBRARY & INFORMATION CENTRE, KCAET, TAVANUR

ONLINE PUBLIC ACCESS CATALOGUE (OPAC)

Sardar`s letters- Mostly unknown, Vol.5 / (Record no. 7921)

MARC details
000 -LEADER
fixed length control field 00410cam a2200157ua 4500
041 ## - LANGUAGE CODE
Language code of text/sound track or separate title eng
082 ## - DEWEY DECIMAL CLASSIFICATION NUMBER
Classification number 826
Item number
100 ## - MAIN ENTRY--AUTHOR NAME
Personal name Nandurkar, G.M .
245 00 - TITLE STATEMENT
Title Sardar`s letters- Mostly unknown, Vol.5 /
260 ## - PUBLICATION, DISTRIBUTION, ETC. (IMPRINT)
Place of publication :
Name of publisher Sardar Vallabh Bhai Patel Smarak Bhavan ,
Year of publication 1978.
300 ## - PHYSICAL DESCRIPTION
Number of Pages 351 ; .
942 ## - ADDED ENTRY ELEMENTS (KOHA)
Koha item type Books
Holdings
Withdrawn status Lost status Damaged status Home library Current library Date acquired Full call number Accession Number Koha item type
      KAUAET KAUAET 07/04/2012 826 13814 Books
Withdrawn     KAUAET Sanskrit University 07/04/2012 826 13825 Books
free website counter